| 000 | 00342nam a2200133Ia 4500 | ||
|---|---|---|---|
| 008 | 240624s9999 xx 000 0 und d | ||
| 041 | _aeng | ||
| 082 | _a005.133 SOM | ||
| 100 | _aSOMASUNDARAM K | ||
| 245 | _aPROGRAMMING IN JAVA 2 | ||
| 260 |
_c2006 _aMumbai _bJaico Publishing House |
||
| 300 | _axvi, : 717 : p. : cm. ; 24 | ||
| 365 |
_cRS _b30 |
||
| 999 |
_c5496 _d5496 |
||